1 Fußballer aus 9 (Torwart) - Statistiken

Allgemein
  • Dieses Quiz wurde 454 mal gespielt
  • Das Durchschnittsergebnis liegt bei 67 aus 81
Antwortstatistiken
Frage Kachel Select % Korrekt
176 Länderspiele absolvierte. Nein
95%
176 Länderspiele absolvierte. Nein
94%
176 Länderspiele absolvierte. Nein
94%
176 Länderspiele absolvierte. Nein
92%
176 Länderspiele absolvierte. Nein
92%
es schaffte bei einer WM bis zum Finale nur 1 Gegentor zu kassieren. Nein
92%
es schaffte bei einer WM bis zum Finale nur 1 Gegentor zu kassieren. Nein
92%
es schaffte bei einer WM bis zum Finale nur 1 Gegentor zu kassieren. Nein
92%
aufgrund eines Autounfalls seine Karriere beenden musste. Nein
92%
aufgrund eines Autounfalls seine Karriere beenden musste. Nein
92%
aufgrund eines Autounfalls seine Karriere beenden musste. Nein
92%
die Europa League 21/22 gewann. Nein
92%
die Europa League 21/22 gewann. Nein
92%
die Europa League 21/22 gewann. Nein
92%
die Europa League 21/22 gewann. Nein
92%
die Europa League 21/22 gewann. Nein
92%
aufgrund eines Autounfalls seine Karriere beenden musste. Nein
91%
aufgrund eines Autounfalls seine Karriere beenden musste. Nein
91%
aufgrund eines Autounfalls seine Karriere beenden musste. Nein
91%
aufgrund eines Autounfalls seine Karriere beenden musste. Nein
91%
die Europa League 21/22 gewann. Nein
91%
die Europa League 21/22 gewann. Nein
91%
im Champions League Finale „Spieler des Spiels“ wurde. Nein
91%
im Champions League Finale „Spieler des Spiels“ wurde. Nein
91%
im Champions League Finale „Spieler des Spiels“ wurde. Nein
91%
13 Jahre bei Arsenal London spielte. Nein
91%
176 Länderspiele absolvierte. Nein
90%
es schaffte bei einer WM bis zum Finale nur 1 Gegentor zu kassieren. Nein
90%
die Europa League 21/22 gewann. Nein
90%
im Champions League Finale „Spieler des Spiels“ wurde. Nein
90%
13 Jahre bei Arsenal London spielte. Nein
90%
13 Jahre bei Arsenal London spielte. Nein
90%
13 Jahre bei Arsenal London spielte. Nein
90%
13 Jahre bei Arsenal London spielte. Nein
90%
in seiner ersten Serie A Saison 22 Tore kassierte. Nein
90%
es schaffte bei einer WM bis zum Finale nur 1 Gegentor zu kassieren. Nein
89%
im Champions League Finale „Spieler des Spiels“ wurde. Nein
89%
13 Jahre bei Arsenal London spielte. Nein
89%
13 Jahre bei Arsenal London spielte. Nein
89%
in seiner ersten Serie A Saison 22 Tore kassierte. Nein
89%
in seiner ersten Serie A Saison 22 Tore kassierte. Nein
89%
in seiner ersten Serie A Saison 22 Tore kassierte. Nein
89%
in seiner ersten Serie A Saison 22 Tore kassierte. Nein
89%
im Champions League Finale „Spieler des Spiels“ wurde. Nein
88%
sein Bundesliga Debut 2006 gegen Aachen gab. Nein
88%
sein Bundesliga Debut 2006 gegen Aachen gab. Nein
88%
sein Bundesliga Debut 2006 gegen Aachen gab. Nein
88%
in seiner ersten Serie A Saison 22 Tore kassierte. Nein
88%
176 Länderspiele absolvierte. Nein
87%
die Europa League 21/22 gewann. Ja
87%
sein Bundesliga Debut 2006 gegen Aachen gab. Nein
87%
12 Millionen Gesamt-Transfererlös erzielte. Nein
87%
sein Bundesliga Debut 2006 gegen Aachen gab. Nein
86%
12 Millionen Gesamt-Transfererlös erzielte. Nein
86%
in seiner ersten Serie A Saison 22 Tore kassierte. Nein
86%
es schaffte bei einer WM bis zum Finale nur 1 Gegentor zu kassieren. Nein
85%
12 Millionen Gesamt-Transfererlös erzielte. Nein
85%
sein Bundesliga Debut 2006 gegen Aachen gab. Nein
84%
12 Millionen Gesamt-Transfererlös erzielte. Nein
84%
12 Millionen Gesamt-Transfererlös erzielte. Nein
83%
12 Millionen Gesamt-Transfererlös erzielte. Nein
83%
im Champions League Finale „Spieler des Spiels“ wurde. Nein
82%
13 Jahre bei Arsenal London spielte. Nein
82%
sein Bundesliga Debut 2006 gegen Aachen gab. Nein
82%
12 Millionen Gesamt-Transfererlös erzielte. Nein
82%
es schaffte bei einer WM bis zum Finale nur 1 Gegentor zu kassieren. Nein
80%
176 Länderspiele absolvierte. Nein
79%
13 Jahre bei Arsenal London spielte. Ja
78%
es schaffte bei einer WM bis zum Finale nur 1 Gegentor zu kassieren. Nein
74%
im Champions League Finale „Spieler des Spiels“ wurde. Nein
70%
sein Bundesliga Debut 2006 gegen Aachen gab. Nein
70%
176 Länderspiele absolvierte. Ja
62%
im Champions League Finale „Spieler des Spiels“ wurde. Ja
56%
sein Bundesliga Debut 2006 gegen Aachen gab. Ja
56%
aufgrund eines Autounfalls seine Karriere beenden musste. Nein
55%
12 Millionen Gesamt-Transfererlös erzielte. Nein
53%
aufgrund eines Autounfalls seine Karriere beenden musste. Ja
52%
es schaffte bei einer WM bis zum Finale nur 1 Gegentor zu kassieren. Ja
50%
in seiner ersten Serie A Saison 22 Tore kassierte. Nein
42%
in seiner ersten Serie A Saison 22 Tore kassierte. Ja
37%
12 Millionen Gesamt-Transfererlös erzielte. Ja
32%
Keine übereinstimmenden Quizze gefunden
Verteilung der Resultate
Anzahl Personen mit jedem Resultat
Perzentil nach korrekt beantworteten Fragen
Ihre Resultats-Entwicklung
Sie haben dieses Quiz noch nicht gespielt